[Event "Cupa Dinamo"]
[Site "Brasov"]
[Date "1998.??.??"]
[Round "5"]
[White "Moldovan, Daniel"]
[Black "Nevednichy, Vladislav"]
[Result "1/2-1/2"]
[WhiteElo "2420"]
[BlackElo "2550"]
[Annotator "Marin,M"]
[PlyCount "47"]
[EventDate "1998.03.??"]
[EventType "tourn"]
[EventRounds "11"]
[EventCountry "ROU"]
[EventCategory "8"]
[SourceTitle "CBM 063 Extra"]
[Source "ChessBase"]
[SourceDate "1998.04.29"]
[SourceVersion "1"]
[SourceVersionDate "1998.04.29"]
[SourceQuality "1"]

1. e4 c5 2. Nf3 d6 3. d4 cxd4 4. Nxd4 Nf6 5. Nc3 Nc6 6. Bg5 e6 7. Qd2 a6 8.
O-O-O h6 9. Bf4 Bd7 10. Nxc6 Bxc6 11. f3 d5 12. Qe1 Bb4 13. a3 Ba5 14. Bd2 (14.
b4 Bb6 (14... Bc7 15. Bxc7 Qxc7 16. exd5 $16) 15. exd5 Bxd5 (15... Nxd5 16.
Nxd5 Bxd5 17. c4 $16) 16. Be5 O-O 17. Qh4 Be3+ 18. Kb2 Bg5 19. Qd4 $14) 14...
Rc8 15. exd5 Nxd5 16. Nxd5 Bxd2+ 17. Rxd2 Bxd5 18. Bd3 O-O 19. Be4 Bxe4 20.
Qxe4 (20. Rxd8 Rxc2+ 21. Kb1 Re2+) 20... Qe7 21. Rhd1 Rc7 22. Kb1 Rfc8 23. c3
g6 24. Rd6 1/2-1/2

[Event "Lost Boys op"]
[Site "Antwerp"]
[Date "1998.08.08"]
[Round "8"]
[White "Stefansson, Hannes"]
[Black "Piket, Jeroen"]
[Result "1-0"]
[WhiteElo "2535"]
[BlackElo "2605"]
[Annotator "Meulders,R"]
[PlyCount "35"]
[EventDate "1998.08.??"]
[EventType "swiss"]
[EventRounds "9"]
[EventCountry "BEL"]
[SourceTitle "CBM 067"]
[Source "ChessBase"]
[SourceDate "1998.11.30"]
[SourceVersion "2"]
[SourceVersionDate "1998.11.01"]
[SourceQuality "1"]

1. e4 c5 2. Nf3 Nc6 3. d4 cxd4 4. Nxd4 Nf6 5. Nc3 d6 6. Bg5 e6 7. Qd2 a6 8.
O-O-O h6 9. Be3 Be7 10. f3 Nxd4 11. Bxd4 b5 12. Kb1 Qa5 ({Meist gespeilt wird} 
12... Rb8 {u.a. durch Avrukh, Khalifman, Kramnik und Stefansson himself.}) 13.
a3 Rb8 14. f4 $5 {Vermutlich neu. Im DBL wurde vor kurzem gespielt:} (14. g4 e5
15. Be3 Be6 16. h4 b4 17. Na2 d5 18. Ba7 Rb7 19. axb4 Bxb4 20. Nxb4 Rxb4 21.
exd5 Bxd5 22. Qc3 O-O 23. Bc5 Qa2+ 24. Kc1 Bxf3 25. Bd3 Rxg4 26. Bxf8 Qa1+ 27.
Kd2 Rg2+ 28. Ke3 Bxd1 29. Qc8 Qc1# {0-1 Kummerow,H-Kistella,R/BL9697 1997/
BL9697}) 14... b4 $2 (14... Bb7 $14) 15. Bxf6 $1 Bxf6 (15... gxf6 16. Na2 d5
17. exd5 Qxd5 18. Qxd5 exd5 19. axb4 Bxb4 20. Nxb4 Rxb4 21. g3 d4 22. Bg2 $16)
16. Qxd6 $1 Rb6 $2 {Sieht gar nicht was kommt.} (16... Qb6 17. Qxb6 Rxb6 18.
axb4 Rxb4 19. e5 Be7 20. Ne2 (20. g3 $2 Bb7 21. Rg1 Bc5 $17)) 17. axb4 $1 Qxb4
{[#]} 18. Bb5+ $3 {Eine böse Überraschung; das Spiel ist aus.} (18. Bb5+ Rxb5
19. Qc6+ Ke7 20. Qc7+ Ke8 21. Qxc8+ Ke7 22. Rd7#) 1-0

[Event "EU-chT (Men) 15th"]
[Site "Gothenburg"]
[Date "2005.08.07"]
[Round "9.4"]
[White "Guseinov, Gadir"]
[Black "Balogh, Csaba"]
[Result "0-1"]
[WhiteElo "2585"]
[BlackElo "2537"]
[Annotator "Mueller,Karsten"]
[PlyCount "120"]
[EventDate "2005.07.30"]
[EventType "team-swiss"]
[EventRounds "9"]
[EventCountry "SWE"]
[SourceTitle "CBM 109"]
[Source "ChessBase"]
[SourceDate "2005.11.14"]
[SourceVersion "1"]
[SourceVersionDate "2005.11.14"]
[SourceQuality "1"]
[WhiteTeam "Azerbaijan"]
[BlackTeam "Hungary"]
[WhiteTeamCountry "AZE"]
[BlackTeamCountry "HUN"]

1. e4 c5 2. Nf3 d6 3. d4 cxd4 4. Nxd4 Nf6 5. Nc3 Nc6 6. Bg5 e6 7. Qd2 Be7 8.
O-O-O Qb6 9. f3 Qxd4 10. Qxd4 Nxd4 11. Rxd4 a6 12. Na4 Nd7 13. Bxe7 Kxe7 14.
Be2 e5 15. Rb4 b5 16. Nc3 Nb6 17. a4 Be6 18. f4 exf4 19. axb5 axb5 20. Rf1 g5
21. b3 Ra1+ 22. Kd2 Rxf1 23. Bxf1 Nd7 24. Rxb5 Ne5 25. h3 h5 26. Rb7+ Kf6 27.
Rb6 Rd8 28. Nd5+ Bxd5 29. exd5 Kf5 30. Bd3+ Nxd3 31. Kxd3 Rd7 32. b4 Ke5 33.
Ra6 Rb7 34. c3 f6 35. Ra5 Rb8 36. Kc4 g4 37. hxg4 hxg4 38. b5 g3 39. Kd3 f3 40.
gxf3 Kf4 41. Ke2 Re8+ 42. Kf1 Kxf3 43. Ra2 Re3 44. Rb2 Rxc3 45. Rb1 Rc7 46.
Rb3+ $2 {[%mdl 4096] The passed pawn had to advance at once: Der Freibauer
musste sofort vorrücken:} (46. b6 Rb7 47. Rb4 f5 48. Rb3+ Ke4 49. Rb5 f4 50.
Kg2 Rh7 51. Rb4+ Ke5 52. Kf3 Rh2 53. Re4+ Kxd5 54. Rxf4 $11) 46... Ke4 47. Kg2
(47. Rxg3 Rc1+ 48. Ke2 Rc2+ 49. Kd1 Rb2 $19) 47... Kxd5 48. Kxg3 (48. Rxg3 Rc2+
49. Kf1 Rb2 50. Rf3 Ke6 51. Re3+ Kd7 52. Rf3 Rxb5 53. Rxf6 Re5 $19) (48. Rf3
Rg7 49. b6 Kc5 50. Rxf6 d5 $19) (48. Rd3+ Ke5 49. Rxg3 Rc2+ (49... d5 $2 50.
Rb3 Kd4 51. Kf1 Rb7 52. Ke2 Kc4 53. Rf3 Rb6 54. Rf4+ Kxb5 55. Kd3 Kc5 56. Kc3
$11) 50. Kf1 Rb2 51. Re3+ Kd5 52. Rf3 Ke6 53. Re3+ Kd7 54. Rf3 Rxb5 55. Rxf6
Re5 $19) 48... Kc4 49. Rf3 (49. Rb1 Rb7 50. b6 Kc5 51. Kf4 Rxb6 52. Rc1+ Kd5
53. Kf5 Rb4 $1 $19) 49... Kxb5 50. Rxf6 d5 51. Kf2 Re7 $1 52. Rf8 d4 53. Rc8
Kb4 54. Rc1 d3 55. Rc8 d2 56. Rd8 Kc3 57. Rc8+ Kb2 58. Rb8+ Kc2 59. Rc8+ Kd1
60. Rh8 Rc7 0-1

[Event "URS U26-ch"]
[Site "Riga"]
[Date "1980.??.??"]
[Round "?"]
[White "Polovodin, Igor A"]
[Black "Lanka, Zigurds"]
[Result "0-1"]
[WhiteElo "2420"]
[BlackElo "2340"]
[Annotator "Notkin,M"]
[PlyCount "102"]
[EventDate "1980.??.??"]
[EventType "tourn"]
[EventRounds "15"]
[EventCountry "URS"]
[EventCategory "7"]
[SourceTitle "MCL"]
[Source "ChessBase"]
[SourceDate "1999.07.01"]
[SourceVersion "1"]
[SourceVersionDate "1999.07.01"]
[SourceQuality "1"]

1. e4 c5 2. Nf3 Nc6 3. d4 cxd4 4. Nxd4 Nf6 5. Nc3 d6 6. Bg5 e6 7. Qd2 a6 8.
O-O-O h6 9. Bf4 Bd7 10. Nxc6 Bxc6 11. Qe2 (11. f3) (11. Qe1) 11... Qc7 (11...
Qa5 $1 12. Bxd6 Bxd6 13. Rxd6 Qb4 {Beliavsky,A-Csom,I/Baku/ 1980/0,5 (13)/})
12. Nd5 Bxd5 (12... Nxd5 13. exd5 Bb5 14. Qe4 e5 15. Be3 Be7 16. Bd3 $14 {
Korsunsky,R-Makarichev,S/URS/1979/1:0 (28) Inf 28/386/}) 13. exd5 e5 14. Bg3 (
14. Kb1 $1 {/\Bc1,g4/}) 14... Be7 15. f4 Nd7 16. fxe5 Nxe5 17. Bxe5 dxe5 18.
Kb1 Rc8 (18... O-O-O $2 19. Qg4+ Kb8 20. Qxg7 Bg5 21. d6 $1 $16) (18... O-O) (
18... Qd6 $5) 19. g4 O-O 20. h4 Qb6 21. Rh3 Qg6 22. h5 $6 (22. Bg2 {/\Be4+/-/})
22... Qd6 23. Qe4 Rfd8 24. Bd3 Kf8 25. Qh7 Bf6 26. Be4 Ke7 27. Rf3 Rh8 (27...
Rc4 28. Rdf1) 28. Qf5 Rc4 29. c3 b5 (29... Kd8 {/\Kc7-b8,Rhc8/}) 30. Bc2 Rc5 (
30... b4 $2 31. Bb3) (30... a5 $5) 31. Bb3 Kd8 32. Qe4 Kc8 (32... a5 33. a4 b4
34. cxb4 axb4 35. Ka2 $14) 33. a3 Kb8 34. c4 $5 Rhc8 $6 (34... bxc4 35. Bxc4
Rhc8 $10) 35. cxb5 Rxb5 (35... axb5 $142 36. Qb4 Kb7 37. Ka2 $14) 36. Ka2 (36.
Ba4 $1 Rbc5 37. Rb3+ Ka7 38. Rdd3 $16 Rc4 39. Qe3+ Qc5 40. Bc6) 36... Rc7 $6 (
36... Rbc5 37. Ba4 Rc4 38. Qf5 R8c7 39. Be8 $5 Rf4 $13) 37. Rdd3 $2 (37. Ba4
Rb6 (37... Rbc5 38. Rb3+ Ka7 39. Bc6 $1 R5xc6 40. dxc6 Qxd1 41. Qb4 Qxb3+ $8
42. Qxb3 $16) 38. Rdd3 $16) 37... Rbc5 38. Qb4+ (38. Ba4 Rc4 39. Rb3+ Ka8 (
39... Ka7 40. Qe3+ Qc5 41. Qxc5+ R4xc5 42. d6 $16) 40. Qh7 Rxa4 (40... Qxd5 $1
$17) 41. Rxf6 $1 $16) 38... Rb7 39. Qa4 $6 (39. Qe4) 39... e4 $1 40. Qxe4 Bxb2
$1 (40... Rc2 41. Qe8+ Ka7 42. Qe3+ Ka8 43. Rxf6 $1 Qxf6 44. Rd4 $44) 41. Rde3
(41. Kxb2 $2 Qh2+ 42. Kb1 Qc2+ 43. Ka1 Qc1+ 44. Ka2 Rc2+ $19) (41. Qf4 Be5 42.
Qd2 Rcb5 $17) 41... Rc3 (41... Bxa3 $142 42. Qe5 Rcb5 $15) 42. Rxc3 $2 (42. Qa4
Rxe3 (42... Rbxb3 43. Qe8+ Ka7 44. Rxf7+ Kb6 45. Re6 $10) 43. Rxe3 Bf6 (43...
Qh2 44. Qxa6 $1) 44. Re2 $13) 42... Qxa3+ 43. Kb1 Qa1+ 44. Kc2 Qc1+ 45. Kd3
Bxc3 $1 46. Rf2 $8 (46. Qe8+ Ka7 47. Qe3+ Qxe3+ 48. Rxe3 Rxb3 49. Kc4 Ra3 50.
d6 Kb6 $19) 46... Be1 (46... Rxb3 $2 47. Qe8+ Ka7 48. Rxf7+ $10) (46... Bf6 $1
47. Bc2 (47. Qc4 Qa3 $19) 47... Qa3+ 48. Kd2 Bg5+ 49. Kd1 Qc1+ 50. Ke2 Re7 $19)
47. Qe5+ Ka8 48. Rb2 Bf2 (48... Rxb3+ $1 49. Rxb3 Qd1+ 50. Kc4 Qc2+ $19) 49. d6
Ka7 50. Rxf2 Rxb3+ 51. Ke2 Rb2+ (51... Rb2+ 52. Kd3 Qd1+ 53. Kc4 Qb3+ $19) 0-1

[Event "Olympiad-31"]
[Site "Moscow"]
[Date "1994.12.03"]
[Round "3.3"]
[White "Santo Roman, Marc"]
[Black "Van der Wiel, John"]
[Result "0-1"]
[WhiteElo "2420"]
[BlackElo "2555"]
[Annotator "Notkin,M"]
[PlyCount "56"]
[EventDate "1994.12.01"]
[EventType "team-swiss"]
[EventRounds "14"]
[EventCountry "RUS"]
[SourceTitle "CBM 045"]
[Source "ChessBase"]
[SourceDate "1995.04.01"]
[SourceVersion "1"]
[SourceVersionDate "1995.04.01"]
[SourceQuality "1"]
[WhiteTeam "France"]
[BlackTeam "Netherlands"]
[WhiteTeamCountry "FRA"]
[BlackTeamCountry "NED"]

1. e4 c5 2. Nf3 d6 3. d4 cxd4 4. Nxd4 Nf6 5. Nc3 Nc6 6. Bg5 e6 7. Qd2 a6 8.
O-O-O h6 9. Be3 Be7 10. f4 Nxd4 11. Bxd4 b5 12. Bd3 Bb7 13. Rhe1 O-O 14. Kb1 b4
15. Na4 Bc6 16. Nb6 Rb8 17. e5 (17. Nc4 $1 Nxe4 (17... d5 18. Ne5 Bb7 19. exd5
Nxd5 20. f5 Bg5 21. Qf2 a5 22. Bc5 $14 {Dvoirys,S-Kashur,A/Aktjubinsk/1985/1:0/
44/}) 18. Bxe4 Bxe4 19. Rxe4 d5 20. Re3 dxc4 21. Qe2 $16 {Dvoirys,S-Nalbandian,
T/Biel(izt)/1993/1:0/27/}) 17... Rxb6 $5 18. exf6 Bxf6 19. Bxb6 Qxb6 $44 20.
Qe3 (20. g4 Bf3 (20... Bc3 21. Qe3) 21. Be2 Bd5 $13) 20... Qa5 {/\Bd5/} 21. Be4
$2 (21. Bc4 d5 22. Bb3 Qb5 23. g4 $132) 21... d5 22. Bf3 (22. Bd3 $32 Rc8 {
/\d4,Bd5/}) 22... Rc8 23. g4 Ba4 $1 24. Re2 (24. Rd2 Bc3 $1) (24. b3 Bb5 25.
Qc1 Rc5 {/\Be2,Qa2!/}) 24... Bb5 25. Rg2 Bxb2 $1 26. Be2 (26. Kxb2 Rc3 27. Rd3
Qa3+ 28. Kb1 Bc4 29. Rxc3 bxc3 $19) 26... Bc3 27. g5 d4 28. Qc1 (28. Rxd4 Qa3
$19) 28... Bc6 (28... Bc6 29. Rg3 Bd5 $19) 0-1

[Event "Copenhagen K41"]
[Site "Copenhagen"]
[Date "1995.??.??"]
[Round "6"]
[White "Wang, Zili"]
[Black "Petursson, Margeir"]
[Result "1/2-1/2"]
[WhiteElo "2505"]
[BlackElo "2535"]
[Annotator "Petursson,M"]
[PlyCount "87"]
[EventDate "1995.06.??"]
[EventType "tourn"]
[EventRounds "9"]
[EventCountry "DEN"]
[EventCategory "10"]
[SourceTitle "CBM 048"]
[Source "ChessBase"]
[SourceDate "1995.10.01"]
[SourceVersion "1"]
[SourceVersionDate "1995.10.01"]
[SourceQuality "1"]

1. e4 c5 2. Nf3 d6 3. d4 cxd4 4. Nxd4 Nf6 5. Nc3 Nc6 6. Bg5 e6 7. Qd2 a6 8.
O-O-O h6 9. Be3 Qc7 10. f4 Bd7 11. h3 b5 12. Bd3 Na5 13. Kb1 Nc4 14. Bxc4 Qxc4
15. e5 $5 (15. Qd3) 15... b4 $1 (15... dxe5 $2 16. fxe5 Nd5 (16... b4 17. exf6
bxc3 18. fxg7 Bxg7 19. Nf5 $1 cxd2 20. Nd6+ Ke7 21. Nxc4 $16) 17. Nxd5 $1 Qxd5
18. Rhf1 $1 Qxe5 19. Nf3 Qc7 20. Ne5 $1 $18) 16. exf6 bxc3 17. fxg7 Bxg7 18.
Qxc3 Qxc3 19. bxc3 Ke7 $10 20. Rd3 Rhc8 21. Rhd1 d5 22. g4 Rc4 23. f5 Rac8 24.
g5 $5 Bxd4 25. Bxd4 hxg5 26. fxe6 $6 (26. f6+ $1 $13) 26... Bxe6 27. Rg1 Rg8
28. Rdg3 f6 $15 29. Ka1 Rcc8 30. Re3 Kf7 31. Rb1 Rc6 32. Rf3 Bc8 33. Rb8 Rh8
34. Kb2 Rh6 35. a4 $1 {/\ a5,Rb6} Bxh3 36. Rb7+ Kg6 37. a5 Bg4 38. Rf2 Bc8 39.
Rb6 Rxb6+ 40. axb6 f5 41. Re2 $44 Rh7 42. Re8 Bb7 43. Rg8+ Kh5 44. Bf6 1/2-1/2

[Event "Belgrade RAD 30"]
[Site "Belgrade"]
[Date "1977.01.20"]
[Round "5.2"]
[White "Suetin, Alexey S"]
[Black "Radulov, Ivan"]
[Result "1-0"]
[WhiteElo "2525"]
[BlackElo "2500"]
[Annotator "Primel,D"]
[PlyCount "93"]
[EventDate "1977.01.15"]
[EventType "tourn"]
[EventRounds "13"]
[EventCountry "SRB"]
[EventCategory "9"]
[SourceTitle "EXT 2018"]
[Source "ChessBase"]
[SourceDate "2017.10.13"]
[SourceVersion "1"]
[SourceVersionDate "2017.10.13"]
[SourceQuality "1"]
[TimeControl "40/9000:16/5400:0"]

1. e4 c5 2. Nf3 Nc6 3. d4 cxd4 4. Nxd4 Nf6 5. Nc3 d6 6. Bg5 e6 7. Qd2 a6 8.
O-O-O h6 (8... Bd7 9. f4 (9. f3)) 9. Be3 Bd7 10. f4 (10. f3) 10... b5 (10...
Be7 {L'alternative} 11. Kb1 b5 12. Bd3 O-O) 11. Bd3 Be7 12. h3 (12. Kb1) 12...
Qc7 (12... Nxd4 13. Bxd4 Bc6 (13... b4 14. Ne2 e5) 14. Rhe1 O-O 15. a3 Qb8 16.
e5 dxe5 17. Bxe5 Qb7 18. g4 Nd7 19. Ne4 Nxe5 20. fxe5 Bxe4 21. Bxe4 Qb6 22. Qd4
Bc5 23. Qd7 Rac8 24. Qb7 Qa5 25. Bd3 b4 26. Qxa6 Qc7 27. a4 Ra8 28. Qc4 Rxa4
29. b3 Ra5 30. h4 Rc8 31. Kd2 Qd8 32. Qe4 Qxh4 33. Rf1 Qg5+ 34. Qf4 Bd4 35.
Qxg5 hxg5 36. Ke2 Rxe5+ 37. Kf3 Re3+ 38. Kg2 Bc3 39. Rf3 Rxf3 40. Kxf3 g6 41.
Bc4 Rc7 42. Rd6 {Torre,E (2505)-Tseshkovsky,V (2550) Manila 1976 0-1}) 13. Bxb5
$5 {Une tentative d'amélioration sur une partie jouée par AVERBAKH mais la
défaite des Blancs est peut-être la raison pour laquelle le sacrifice n'a
pas été rejouée} (13. Kb1 Na5 {[%cal Gd7b5,Ga5c4]}) 13... axb5 14. Ndxb5 Qb8
15. Nxd6+ Bxd6 $5 $146 {Le bulgare choisit de rentrer en finale. Tant que la
majorité de l'aile-dame n'est pas trop avancée, la pièce sera supérieure
mais les deux camps jouent pour le gain.} (15... Kf8 16. g4 Na5 17. e5 Ne8 18.
Nce4 Bc6 19. Bc5 Nb7 20. Bb4 Rxa2 21. Qc3 Nbxd6 22. exd6 Nxd6 23. Bxd6 Bxd6 24.
Nxd6 Ra1+ 25. Kd2 Qxd6+ {0-1 (25) Averbakh,Y-Simagin,V Moscow 1966}) 16. Qxd6
Qxd6 17. Rxd6 Ne7 (17... Ke7 18. e5 Rhd8 19. Rxc6 Bxc6 20. exf6+) 18. Re1 Kd8
$5 {Le K peut-être utile à l'aile-dame pour lutter contre la majorité} 19.
Red1 Kc7 20. Bb6+ $1 {Un coup intermédiaire trés fort qui empêche les R
Noires d'être liées} (20. e5 Nfd5) 20... Kc8 {[%csl Rc8]} 21. R1d4 $36 Bc6
22. Bd8 $1 $40 Ne8 23. Bxe7 Nxd6 24. Bxd6 f5 25. exf5 exf5 26. g3 Rd8 27. b4 $1
{La majorité est en marche mais la pièce reste encore supérieure aux P} Ra7
28. Be5 $1 {Après l'échange d'une R, le potentiel dynamique des Noirs est
réduit} Rxd4 29. Bxd4 $16 Rd7 30. Be5 g5 31. a4 $1 $36 {[%csl Ga4,Gb4]} Bg2
32. h4 gxh4 33. gxh4 Kb7 34. Nb5 Be4 35. a5 Rd8 36. Nd4 Rg8 37. b5 (37. Kb2)
37... Rg4 $2 {Trop lent} (37... Ra8 $142 38. a6+ Kb6 {Et le gain Blanc sera
plus difficile à convertir}) 38. c4 Rxh4 39. c5 Rh1+ 40. Kd2 Rb1 41. c6+ Ka8
42. a6 Rg1 43. b6 Rg8 44. Kc3 h5 45. Kb4 h4 46. b7+ Ka7 47. Ka5 1-0

[Event "Belgrade RAD 30"]
[Site "Belgrade"]
[Date "1977.01.17"]
[Round "3.5"]
[White "Ostojic, Predrag"]
[Black "Weinstein, Norman"]
[Result "1/2-1/2"]
[WhiteElo "2480"]
[BlackElo "2475"]
[Annotator "Primel,D"]
[PlyCount "106"]
[EventDate "1977.01.15"]
[EventType "tourn"]
[EventRounds "13"]
[EventCountry "SRB"]
[EventCategory "9"]
[SourceTitle "EXT 2018"]
[Source "ChessBase"]
[SourceDate "2017.10.13"]
[SourceVersion "1"]
[SourceVersionDate "2017.10.13"]
[SourceQuality "1"]
[TimeControl "40/9000:16/5400:0"]

1. e4 c5 2. Nf3 Nc6 3. d4 cxd4 4. Nxd4 Nf6 5. Nc3 d6 6. Bg5 e6 7. Qd2 a6 (7...
Be7 8. O-O-O O-O 9. f4) 8. O-O-O h6 (8... Bd7 {L'alternative} 9. f4 (9. f3)) 9.
Be3 (9. Bf4) (9. Nxc6) 9... Bd7 (9... Be7 10. f3) 10. f3 b5 11. Nxc6 ({RR} 11.
Kb1 Ne5 ({RR} 11... b4 12. Nxc6 ({RR} 12. Nce2 Ne5 13. Qxb4 Rb8 ({RR} 13... d5
14. Qe1 dxe4 15. Nc3 Bb4 16. Nb3)) 12... Bxc6 ({RR} 12... bxc3 13. Nxd8 cxd2
14. Nb7) 13. Ne2 e5 14. Qxb4 d5 15. Qc3) 12. Bd3 Rc8) 11... Bxc6 12. Ne2 (12.
Kb1) 12... Qc7 13. Nd4 Bb7 14. Kb1 $146 {Une nouveauté théorique selon les
bases mais c'est un coup thématique} (14. Bd3 e5 {Minic,D (2470)-Diesen,M 
(2360) Karlovac 1977 (2) 1/2}) 14... Be7 15. h4 Nd7 {[%cal Ge7f6,Gd7e5,Ge5c4,
Gd7b6]} (15... Rc8 16. Bd3 h5 $5 $13 {[%csl Gg4]}) 16. Bxb5 $5 {Les Blancs
semblent avoir des bonnes compensations mais aucune partie n'a repris ensuite
l'idée} (16. g4 Rc8 {Oparin,G (2496)-Eliseev,U (2541) Moscow-ch 2013 (9) 1/2})
16... axb5 17. Nxb5 Qc4 {[%cal Gc4b5,Gc4a2]} 18. Nxd6+ Bxd6 19. b3 $8 (19. Qxd6
$2 Qxa2+ 20. Kc1 Qa1+ 21. Kd2 Qxb2) 19... Qa6 20. Qxd6 Qxa2+ 21. Kc1 Qa3+ {
[%cal Ga3d6,Ga3c1] Un coup naturel pour échanger les Q mais curieusement, les
Blancs ont encore des compensations raisonnables.} 22. Qxa3 Rxa3 23. Kb2 Ra8
24. Rd6 Ke7 25. Rhd1 $44 Rhd8 26. c4 {[%csl Gc4] Pour l'instant, la majorité
Blanche n'est pas trop dangereuse mais les Noirs doivent jouer avec précision}
Rac8 27. Kc3 Ne5 28. Rxd8 Rxd8 29. Bc5+ $1 {Un important coup intermédiaire
et après l'échange des R, la finale semble un peu meilleure pour les Blancs
qui vont pousser la majorité de l'aile-dame dans des bonnes conditions} Ke8
30. Rxd8+ Kxd8 31. Bf8 g5 32. Bxh6 gxh4 33. Bg5+ Kd7 34. Bxh4 f5 35. exf5 exf5
36. Bg3 Ng6 37. b4 (37. Kd4 $5) 37... f4 38. Bf2 Kd6 39. b5 Ne7 40. Kb4 Nf5 41.
c5+ Kc7 42. Kc3 (42. c6 {regagne la pièce mais les Noirs ont des bonnes
chances de nulle} Bxc6 43. bxc6 Kxc6 44. Kc4 Kd6 45. Kd3 Kd5) 42... Kd7 43. Kc4
Kc7 44. Kd3 Bd5 45. Be1 Kd7 46. Bd2 Nh4 $36 {[%csl Rg2]} 47. c6+ Kd6 48. Bxf4+
Kc5 49. c7 Bb7 50. Bg3 Nxg2 51. Ke2 Kb6 52. Kf2 Nh4 53. Bxh4 Kxc7 1/2-1/2

[Event "Olympiad-32"]
[Site "Yerevan"]
[Date "1996.10.01"]
[Round "14.4"]
[White "Huzman, Alexander"]
[Black "Lutz, Christopher"]
[Result "0-1"]
[WhiteElo "2575"]
[BlackElo "2565"]
[Annotator "Psakhis,L"]
[PlyCount "114"]
[EventDate "1996.09.15"]
[EventType "team-swiss"]
[EventRounds "14"]
[EventCountry "ARM"]
[SourceTitle "CBM 055"]
[Source "ChessBase"]
[SourceDate "1996.12.01"]
[SourceVersion "1"]
[SourceVersionDate "1996.12.01"]
[SourceQuality "1"]
[WhiteTeam "Israel"]
[BlackTeam "Germany"]
[WhiteTeamCountry "ISR"]
[BlackTeamCountry "GER"]

1. e4 c5 2. Nf3 d6 3. d4 cxd4 4. Nxd4 Nf6 5. Nc3 Nc6 6. Bg5 e6 7. Qd2 a6 8.
O-O-O h6 9. Be3 Be7 10. f4 Bd7 11. h3 b5 12. Bd3 Qc7 (12... Nxd4 $5 13. Bxd4 b4
14. Ne2 e5 15. Be3 Qa5 16. Kb1 exf4 17. Bxf4 O-O 18. g4 Be6 19. Nc1 d5 20. e5
Ne4 21. Qe1 Rfd8 22. Nb3 Qb6 23. Bxe4 dxe4 24. Qxe4 a5 $13 {Fieandt,J-Veingold,
A/Naantali/1996/0:1/37/}) 13. Rhe1 (13. Nf3 $5 Na5 14. Qf2 b4 15. Bb6 Qc6 16.
Bxa5 bxc3 17. Bxc3 Nxe4 18. Bxe4 Qxe4 19. Rd4 Qb7 20. Bb4 $36 {Hracek,Z-Timman,
J/Prague(m/2)/1995/0,5/37/}) 13... Nxd4 14. Bxd4 b4 15. Ne2 e5 16. Be3 a5 $5 {
N/} (16... Be6 17. Kb1 Qb7 18. Ng3 O-O $2 19. f5 Bd7 20. Bxh6 $1 gxh6 21. Qxh6
Rfc8 22. Re3 Qb6 23. Nf1 {Fogarasi,T-Csom,I/Budapest/1993/}) 17. g4 (17. Kb1 $5
) 17... O-O 18. Kb1 (18. g5 exf4 19. Bxf4 hxg5 20. Bxg5 b3 $1 21. axb3 a4 $40)
18... Rfb8 19. Ng3 (19. g5 hxg5 20. fxg5 Nh5 21. g6 fxg6) 19... a4 20. g5 (20.
fxe5 dxe5 21. Nf5 Be6 (21... Bxf5 $5 22. gxf5 b3) 22. Bxh6 $2 gxh6 23. Qxh6 Ne8
) 20... hxg5 21. fxg5 Ne8 22. Rc1 (22. Nf5 $5 Be6 23. h4 b3 (23... Bxa2+ 24.
Kxa2 b3+ 25. cxb3 axb3+ 26. Kb1) 24. a3 bxc2+ 25. Qxc2 $13) 22... Be6 23. c4 (
23. Nf5 Bf8 $13 (23... Bxa2+ 24. Kxa2 b3+ 25. Kb1 $18)) 23... bxc3 24. Rxc3 Qb7
25. Bc4 (25. g6 $6 fxg6 26. Bc4 Bxc4 27. Rxc4 Bh4 28. Rg1 Nf6 $17) 25... Bxc4
26. Rxc4 d5 $1 27. exd5 Ra5 (27... a3) (27... Bb4 $5 28. Rxb4 Qxb4 29. Qxb4
Rxb4 30. Nf5 $15) 28. Re2 (28. Nf5 Ba3 (28... Bb4 $2 29. Qxb4 Qxb4 30. Rxb4
Rxb4 31. Bd2 $18) 29. Re2 (29. Rc2 $2 Bb4) 29... Bxb2 $17) 28... Rxd5 29. Qc2
Ba3 (29... Qd7 30. g6) 30. Bc1 (30. Qc1 Qd7 31. Qc3 Rd3 $1 32. Qxe5 Bd6 $19)
30... Bxb2 31. Bxb2 a3 32. Rc3 $8 (32. Nf5 Rb5 33. Qc3 Rxb2+ 34. Rxb2 Qh1+ 35.
Qc1 Rxb2+ 36. Ka1 Qg2 $19) 32... axb2 (32... Qxb2+ 33. Qxb2 axb2 34. Rxb2 $10)
33. Rb3 Qa7 34. Nf5 (34. Rxb8 $5 Qxb8 35. g6) 34... Ra8 35. a3 (35. Rxb2 $2
Qg1+ 36. Qc1 Rd1 $19) 35... Qd7 $6 (35... Qg1+ 36. Kxb2 Qxg5 37. Rb7 Rda5 38.
Rg2 Qf6 39. Ne7+ Kh8 $19) 36. Kxb2 Rd8 $6 $138 (36... Nd6 $5 37. Nxd6 (37. Ne3
Rda5) 37... Qxd6 $17) 37. Rb4 e4 $6 (37... Rd3 $1 38. Rf2 Rxh3) 38. Rbxe4 $1
Rb5+ (38... Rxf5 $2 39. Rxe8+ Rxe8 40. Rxe8+ Qxe8 41. Qxf5) 39. Ka1 (39. Ka2 $5
Qd5+ 40. Ka1) 39... Ra8 40. R4e3 (40. R2e3 $5 Rba5 41. Re7 Qb5 (41... Rxa3+ $2
42. Rxa3 Rxa3+ 43. Kb2 $18) 42. Qc1 $13) 40... g6 41. Ne7+ (41. Nh6+ Kh7 42. h4
) 41... Kh7 42. Rd3 (42. Rd2 $5 Qa7 43. Qc4 Rxg5 44. Qxf7+ Ng7 $13) 42... Qa7
43. Ka2 Ra5 (43... Rxg5 44. Qb3 Kg7 45. Rf3 Nd6 46. Qc3+ Kh7 47. Qf6 Qa6 $1 $13
) 44. Qc1 (44. Qb3 $5 Rxa3+ (44... Nd6 $2 45. Nc6 Rxa3+ 46. Qxa3 Qb7 47. Na5
Qb5 48. Rb2 Qxa5 49. Qxa5 Rxa5+ 50. Kb1 $18) 45. Qxa3 Qb7 46. Qxa8 Qxa8+ 47.
Ra3 $10) 44... Qa6 $1 45. Ree3 Rxg5 46. Rb3 $6 (46. Nd5 $5 $15) 46... Nd6 47.
Qc2 Nc4 48. Rf3 Qe6 $1 49. Rf4 Rxa3+ (49... Na5 $5 50. Rh4+ Kg7 51. Qb2+ f6 $19
) 50. Rxa3 Nxa3+ 51. Qb3 (51. Kxa3 Qd6+) 51... Rg2+ 52. Kxa3 Qxe7+ 53. Qb4 (53.
Rb4 Re2) 53... Qe3+ 54. Ka4 Qa7+ $19 55. Kb3 (55. Kb5 $5 Rb2 $140 $2 56. Rh4+
Kg8 57. Rh8+ $1 Kxh8 58. Qxb2+ $17) 55... Qa2+ 56. Kc3 Qd2+ 57. Kb3 Qc2+ 0-1